000 00862nam a2200229 i 4500
001 bg
100 1 _aCZECHOWSKA, Maria
245 1 0 _aUbezpieczenia zdrowotne 2005 :
_bpraktyka, przykłady : ustawa o świadczeniach opieki zdrowotnej finansowanych ze środków publicznych, ustawa o systemie ubezpieczeń społecznych /
_cMaria Czechowska.
260 _aWarszawa :
_b"AD.Drągowski",
_c2005.
300 _a223, [1] s. ;
_c23 cm.
490 1 _aPoradnik Księgowego
650 9 _aUbezpieczenia chorobowe
_xprawo
_zPolska
_ystan na 2005 r.
830 _aPoradnik Księgowego
020 _a8389604337
040 _cBPK
041 0 _apol
080 _a349.3:369.22](438)
920 _a83-89604-33-7
942 _cKS
008 s pl f |000 0 pol
999 _c45311
_d45311
856 _uhttp://koha.tu.koszalin.pl/cgi-bin/koha/opac-detail.pl?biblionumber=45311
_yKatalog online BPK